000 00542nam a22001697a 4500
003 NUST
038 _aNusrat Nadeem
082 _a200
100 _aMansoor, Humna
_997096
245 _aOptimal Cancer Staging and Survival Analysis/Prognosis Using Machine Learning /
_cHumna Mansoor
264 _aIslamabad :
_bSEECS, NUST,
_c2022.
300 _a70 p. ;
650 _aMS-information Technology
_926924
700 _aSupervisor: Dr. Rafia Mumtaz
_996700
856 _uhttp://10.250.8.41:8080/xmlui/handle/123456789/29769
942 _2ddc
_cSC
999 _c590942
_d590942